The late medieval Balkans : a critical survey from the late twelfth century to the Ottoman conquest

Saved in:
Bibliographic Details
Main Author: Fine, John V. A. (John Van Antwerp), 1939-
Format: Book
Language:English
Published: [χ. τ.] : The University of Michigan Press, 1994.
Subjects:
Tags: Add Tag
No Tags, Be the first to tag this record!

MARC

LEADER 00000cam a2200000 a 4500
001 1/106485
008 150525s1994####xxu| ||| |||| ||eng||
020 |a 9780472082605  
040 |a GR-MyUa  |b gre  |c GR-MyUa  |e AACR2 
041 0 |a eng 
082 7 |a 949.6   |2 (23) 
100 1 |a Fine, John V. A.   |q (John Van Antwerp),   |d 1939- 
245 1 4 |a The late medieval Balkans :   |b a critical survey from the late twelfth century to the Ottoman conquest /   |c John V. A. Fine.  
260 |a [χ. τ.] :   |b The University of Michigan Press,   |c 1994. 
300 |a xvi, 683 σ. :   |b εικ., χάρτες ;   |c 25 εκ.  
504 |a Περιλαμβάνει βιβλιογραφία και ευρετήριο.  
651 0 |a Balkan Peninsula  |x History. 
852 |a INST  |b LESVOS  |e 20150525  |h 949.6 FIN  |p 005100056636  |q 005100056636  |t BK  |y 0 
970 |a Τζαφέρη  |b Ευαγγελία  |z 23-05-2015